00328cam a22001217a 4500008004000000082001600040100001800056245004000074260002800114300001000142650002800152650002600180180718b1980 xxu||||| |||| 00| 0 eng d aD49x519 K56 aChum-Kon, Kim aKorean war 1950-53cby Kim Chum-Kon aSeoulbKwangmyongc1980 a604p. aKorea --History --1945- aKorean War, 1950-1953